| 000 | 01082nam a2200265Ia 4500 | ||
|---|---|---|---|
| 003 | OSt | ||
| 005 | 20220923211105.0 | ||
| 006 | a|||||r|||| 00| 0 | ||
| 007 | ta | ||
| 008 | 220922b |||||||| |||| 00| 0 hin d | ||
| 020 |
_a817917087X (hbk) _c175 |
||
| 024 | _a262,137 | ||
| 037 |
_b69, 02/07/2012, Eastern Book Linkers _cTextual |
||
| 040 |
_aARTS _cARTS _bhin |
||
| 041 |
_2hin _ahin |
||
| 082 | _aX:326, 152P6 | ||
| 100 |
_aवुड, इलेन मिकसिन्स; तोमर, नरेंद्रकुमार, अनु. _9158105 |
||
| 245 | 0 | _aपूंजीवाद का उद्भव | |
| 246 | _aPūanjīvād kā udbhava | ||
| 260 |
_aदिल्ली _b ग्रंथ शिल्पी _c2006 |
||
| 300 |
_a123पृ. _ccm. |
||
| 650 |
_aभारतीय अर्थव्यवस्था _9158106 |
||
| 942 |
_hX:326, 152P6 _cTEXL _2CC |
||
| 999 |
_c295102 _d295102 |
||